LEADER 03954oam 2200913 c 450 001 9910554265803321 005 20260302090207.0 010 $a9783839447796 010 $a3839447798 024 7 $a10.14361/9783839447796 035 $a(CKB)4930000000056073 035 $a(DE-B1597)521883 035 $a(DE-B1597)9783839447796 035 $a(OCoLC)1233040971 035 $a(MiAaPQ)EBC6508009 035 $a(Au-PeEL)EBL6508009 035 $a(transcript Verlag)9783839447796 035 $a(Perlego)1637694 035 $a(EXLCZ)994930000000056073 100 $a20260302d2021 uy 0 101 0 $ager 135 $aur||#|||||||| 181 $ctxt$2rdacontent 182 $cc$2rdamedia 183 $acr$2rdacarrier 200 04$aDie Ambivalenz von Bild und Klang$eÄsthetische Relationen in der Moderne$fMarco Gutjahr 205 $a1st ed. 210 $aBielefeld$ctranscript Verlag$d2021 215 $a1 online resource (272 p.) 225 0 $arerum religionum. Arbeiten zur Religionskultur 311 08$a9783837647792 311 08$a383764779X 327 $aFrontmatter 1 Inhalt 5 Bild und Klang 9 Bild/Klang 17 Nelson Goodman und The Sound of Pictures 23 Multiple Chiasmen 35 Die Klangfarben Afrikas und der »Drumbeat of Life«: Imagination, Syna?sthesie, Divination 71 Geistliche Gesa?nge statt Feindbilder 97 »Du sollst nicht begehren « 115 Picturing biblical sounds 139 Die dunkle Kunst 165 Noten zum Klang-Bild 183 Bildbeschreibung, Klangbeschreibung? 197 Schrift- und Klangbildlichkeit 219 Autorinnen und Autoren 239 Personenregister 245 Sachregister 253 330 $aWährend die Welt der Griechen noch wusste, so Friedrich Nietzsche, dass die »Kunst des Bildners« und die »unbildliche Kunst der Musik« im »offenen Zwiespalt« nebeneinanderher gehen, wird die sorgsame Trennung zwischen den Sphären in der Moderne zunehmend fraglich.Die Beiträge des Bandes wenden sich auf unterschiedliche Art und Weise diesem ambig gewordenen Verhältnis von Bild und Klang, Sehen und Hören zu, ohne das eine auf das andere zu reduzieren. In dieser Hinsicht betreten sie echtes Neuland, sowohl in der Beleuchtung des Phänomens »Bild und Klang« als harmonischer und zugleich ambivalenter Konjunktion, als auch in der Beschreibung und Vermessung einer daraus abgeleiteten Theorie der Relation, die historisch wie systematisch als Beitrag zur Erforschung des Konstruktes »Moderne« gewertet werden muss. 410 0$arerum religionum. Arbeiten zur Religionskultur 517 2 $aGutjahr (Hg.), Die Ambivalenz von Bild und Klang$eÄsthetische Relationen in der Moderne 606 $aBild 606 $aImage 606 $aKlang 606 $aSound 606 $aSynästhesie 606 $aSynaesthesia 606 $aÄsthetik 606 $aAesthetics 606 $aModerne 606 $aModernity 606 $aKunst 606 $aArt 606 $aBildwissenschaft 606 $aVisual Studies 606 $aReligionswissenschaft 606 $aReligious Studies 606 $aKulturwissenschaft 606 $aCultural Studies 615 4$aBild 615 4$aImage 615 4$aKlang 615 4$aSound 615 4$aSynästhesie 615 4$aSynaesthesia 615 4$aÄsthetik 615 4$aAesthetics 615 4$aModerne 615 4$aModernity 615 4$aKunst 615 4$aArt 615 4$aBildwissenschaft 615 4$aVisual Studies 615 4$aReligionswissenschaft 615 4$aReligious Studies 615 4$aKulturwissenschaft 615 4$aCultural Studies 702 $aGutjahr$b Marco$p
Marco Gutjahr, Universität Rostock und Kunststiftung Ruth Baumgarte Bielefeld, Deutschland
$4edt 801 0$bDE-B1597 801 1$bDE-B1597 906 $aBOOK 912 $a9910554265803321 996 $aDie Ambivalenz von Bild und Klang$92820077 997 $aUNINA